000 00203nam a22000857a 4500
001 1235167
005 20250930105721.0
245 _aİŞ VE PARA
_cBRIGITTE LABBE
260 _bGÜNIŞIĞI KİTAPLIĞI YAYINLARI
999 _c1235167
_d1235167